000 00555cam a22002053a 4500
001 45432
003 PGUSA
005 20140828084042.0
008 140418s2014||||xxu|||||s|||||000 | eng d
040 _aPGUSA
_beng
042 _adc
100 1 _aBerry, Flora E.
245 1 0 _aMonica's Choice
_h[electronic resource] /
_cFlora E. Berry
260 _bProject Gutenberg,
_c2014
506 _aPublic domain in the USA.
516 _aElectronic text
830 0 _aProject Gutenberg
_v45432
856 4 0 _uhttp://www.gutenberg.org/ebooks/45432
942 _cEB
999 _c274683
_d274683